| 000 | 00455cam a22001337a 4500 | ||
|---|---|---|---|
| 008 | 180718b1973 xxu||||| |||| 00| 0 eng d | ||
| 082 | _aAB45 Om1 | ||
| 100 | _aOman, J.C. | ||
| 245 |
_aMystics, ascetics, and saints of India: a study of Sadhuism, with an account of yogis, sanyasis, bairagis, and otherstrage Hindu sectarians _cby J.C. Oman |
||
| 260 |
_aDelhi _bOriental Oub. _c1973 |
||
| 300 | _a291p. | ||
| 650 | _aPhilosophy, Hindu | ||
| 650 | _aHinduism | ||
| 999 |
_c350840 _d350840 |
||